| 000 | 00850cab a2200241 4500 | ||
|---|---|---|---|
| 001 | WB2804-01 | ||
| 008 | 090401t1992 xxu||||| |||| 00| 0 eng d | ||
| 035 | _a(Sirsi) u12878 | ||
| 041 | _aeng | ||
| 245 | _aMore electronic auctions | ||
| 260 | _c1992 | ||
| 350 | _a0 | ||
| 490 |
_aFarmers' Weekly _v116(3) 17 January 1992, 19(1) |
||
| 520 | _aTen auction markets across England and Wales have confirmed they are starting an alternative electronic auction network, whereby producer`s stock is described on a computer screen and the animals remain on the farm until they are sold. | ||
| 650 | _aAUCTION MARKETS | ||
| 650 | _aBEACON AUCTIONS | ||
| 650 | _aCOMPUTERS | ||
| 650 | _aLIVESTOCK AUCTIONS | ||
| 690 |
_aAuctioneering _96218 |
||
| 690 | _aMANAGEMENT-BUSINESS MANAGEMENT-INFORMATION MANAGEMENT | ||
| 942 | _n0 | ||
| 948 | _c04/03/1997 | ||
| 999 |
_c8264 _d8264 |
||